000 00910nam a22002897a 4500
001 BR0100674
003 BR-BrBNA
005 20230928100801.0
007 ta
008 230509b bl.||||| |||| 00| 0 por d
040 _aBR-BrBNA
_bpor
_cBiblioteca Nacional de Agricultura
041 _a(Por)
072 _aF01
_b3305
_b3530
090 _ 3305 BR0100674
100 1 _aFranco, A.N.A.
110 1 _aEscola Superior de Agricultura Luiz de Queiroz, Piracicaba, SP (Brasil)
_0Tese (Mestre em Agronomia)
245 1 _aEfeito de diferentes substratos na producao de mudas de gramas em bandejas
260 3 _aPiracicaba, SP (Brasil):
_c2000.
300 _a54 p.
500 _aSummaries (Eng, Por); Bibliography p. 48-54; 7 illus.; 10 tables
650 _aGrama
650 _aMuda
650 _aSubstrato de Cultura
650 _aProducao Vegetal
909 _a202309
_bLucia
_c55
_dLucia Elande
942 _cBK
999 _c62787
_d62787